| 000 | 00000nam 2200000za 4500 |
| 001 | 9.822505 |
| 003 | CaOODSP |
| 005 | 20221107143707 |
| 007 | cr ||||||||||| |
| 008 | 160812s2010 qucabo ob f000 0 fre d |
| 020 | |z978-1-100-92094-8 |
| 040 | |aCaOODSP|bfre |
| 043 | |an-cn--- |
| 086 | 1 |aR64-105/15-2010F-PDF|zR64-105/15-2010F |
| 110 | 2 |aParcs Canada. |
| 245 | 10|aParc national du Canada Forillon |h[ressource électronique] : |bplan directeur. |
| 260 | |a[Gatineau, QC] : |bParcs Canada, |cc2010. |
| 300 | |axi, 129 p. : |bill. (certaines en coul.), cartes (certaines en coul.) |
| 500 | |aPubl. aussi en anglais sous le titre : Forillon National Park of Canada: management plan. |
| 500 | |a« Juin 2010. » |
| 504 | |aComprend des références bibliographiques (p. 101-103). |
| 530 | |aÉgalement publ. en version imprimée. |
| 692 | 07|2gccst|aParc national |
| 692 | 07|2gccst|aGestion |
| 692 | 07|2gccst|aPlanification |
| 775 | 08|tForillon National Park of Canada |w(CaOODSP)9.822501 |
| 794 | |tParc National du Canada Forillon : |w(CaOODSP)9.906874 |
| 856 | 40|qPDF|s2.34 Mo|uhttps://publications.gc.ca/collections/collection_2016/pc/R64-105-15-2010-fra.pdf |